000 00281nam a2200097Ia 4500
082 _a613.7172082 MURP
245 0 _aRun for life : the real woman's guide to running
100 _a MURPHY, Sam London, 2003
_992677
942 _cBK
008 210817s9999 xx 000 0 und d
999 _c378201
_d378200